ਕਾਲਾ ਲਹੂ ਲੰਡਨ ਦਾ / (Record no. 80901)

MARC details
000 -LEADER
fixed length control field 00845nam a22002417a 4500
005 - DATE AND TIME OF LATEST TRANSACTION
control field 20131128112327.0
008 - FIXED-LENGTH DATA ELEMENTS--GENERAL INFORMATION
fixed length control field 131126b xxu||||| |||| 00| 0 eng d
010 ## - LCCN (DPL NO)
LC control number PUN-7732
020 ## - INTERNATIONAL STANDARD BOOK NUMBER
Terms of availability 195.00
International Standard Book Number 9788182993006
035 ## - SYSTEM CONTROL NUMBER
System control number PN-6850
037 ## - SOURCE OF ACQUISITION
Source of stock number/acquisition DBAD / PUB
037 ## - SOURCE OF ACQUISITION
Source of stock number/acquisition Arsee Publishers
040 ## - CATALOGING SOURCE
Original cataloging agency dpl
Language of cataloging pn
082 ## - DEWEY DECIMAL CLASSIFICATION NUMBER
Classification number 362.2
100 ## - MAIN ENTRY--PERSONAL NAME
Personal name ਕੁੱਕੜਪਿੰਡੀਆ, ਮੋਹਣ ਸਿੰਘ
245 ## - TITLE STATEMENT
Title ਕਾਲਾ ਲਹੂ ਲੰਡਨ ਦਾ /
Statement of responsibility, etc ਮੋਹਣ ਸਿੰਘ ਕੁੱਕੜਪਿੰਡੀਆ
246 ## - VARYING FORM OF TITLE
Title proper/short title Kala lahoo london da
Remainder of title by Mohan Singh Kukarpindia
260 ## - PUBLICATION, DISTRIBUTION, ETC. (IMPRINT)
Place of publication, distribution, etc Delhi
Name of publisher, distributor, etc Arsee Publishers
Date of publication, distribution, etc 2013
270 ## - ADDRESS
City Delhi
Address Chandni Chowk
Telephone number 011-65966481
300 4# - PHYSICAL DESCRIPTION
Extent 80p.
Dimensions 22ਸੇਂਮੀ (ਸਜਿਲੱਦ)
942 ## - ADDED ENTRY ELEMENTS (KOHA)
Source of classification or shelving scheme Dewey Decimal Classification
Item type Punjabi Bks
Classification part 362.2
Call number suffix ਕੁੱਕੜ
Holdings
Withdrawn status Lost status Source of classification or shelving scheme Damaged status Not for loan Collection code Home library Current library Date acquired Source of acquisition Cost, normal purchase price Total Checkouts Full call number Barcode Date last seen Copy number Cost, replacement price Koha item type
    Dewey Decimal Classification     Non-fiction D.B.Act.Division D.B.Act.Division 28/11/2013 DBAD 195.00   362.2 ਕੁੱਕੜ PN-6850 28/11/2013 1 195.00 Punjabi Bks

© Delhi Public Library
Hit Counter
free hit counter